000
00289nam a2200121Ia 4500
008
170224s9999 xx 000 0 und d
245
_a
2015 Win–Loss Scoreboard
260
_b
American Journal of Nursing
260
_c
2016
300
_a
116:1
500
_a
January
650
_x
Nursing.
999
_c
316920
_d
316920